000 00837nam a2200289 a 4500
001 77331
003 BD-RjUL
005 20211209082947.0
008 200315s2003 inua 001 0 eng d
020 _a0789729202
035 _a(DLC) 2002113718
040 _aDLC
_cDLC
_dDLC
_dBD-RjUL
_beng
041 _aeng
042 _apcc
082 0 0 _a005.369
_221
_bKRA 2003
100 1 _aKraynak, Joe.
_9240596
245 1 0 _aAbsolute beginner's guide to Microsoft Excel 2002 /
_cJoe Kraynak.
246 3 0 _aMicrosoft Excel 2002
260 _aIndianapolis, IN :
_bQue,
_cc2003.
300 _axi, 308 p. :
_bill. ;
_c24 cm.
500 _aIncludes index.
650 0 _aBusiness
_xComputer programs.
_9240902
650 0 _aElectronic spreadsheets.
_9240903
942 _2ddc
_cBK
999 _c77331
_d77331